[Event "Oberliga Wuert9293"]
[Site "Wuerttemberg"]
[Date "1993.??.??"]
[Round "?"]
[White "Stobik, Dietrich"]
[Black "Oesterle, Peter"]
[Result "1/2-1/2"]
[WhiteElo "2310"]
[BlackElo "2375"]

1.c4 c5 2.Nc3 Nf6 3.Nf3 e6 4.g3 b6 5.Bg2 Bb7 6.O-O d6 7.d4 cxd4 8.Nxd4 Bxg2
9.Kxg2 a6 10.b3 Qc7 11.Bb2 Be7 12.e4 Nbd7 13.Qe2 O-O 14.Rfe1 Qb7 15.Rad1 Nc5
16.Qf3 Nfd7 17.Kg1 Rac8 18.Qe3 Nf6 19.Qf3 Rfd8 20.h3 Qc7 21.Qe3 h6 22.Kg2 Qb7
23.Qf3 Nfd7 24.Kh2 Qc7 25.Qg4 Nf6 26.Qe2 Ncd7 27.Nc2 Nc5 28.Nd4 Ncd7 29.Nc2  1/2-1/2

[Event "Zillertal op"]
[Site "Zillertal"]
[Date "1993.??.??"]
[Round "?"]
[White "Uhlmann, Wolfgang"]
[Black "Mahdi, Khaled"]
[Result "1-0"]
[WhiteElo "2500"]
[BlackElo "2420"]

1.c4 Nf6 2.Nc3 c5 3.Nf3 g6 4.d4 Bg7 5.e4 O-O 6.Be2 d6 7.O-O Na6 8.d5 Nc7
9.Bf4 Nfe8 10.e5 Bg4 11.Re1 Rb8 12.a4 a6 13.Qb3 Na8 14.h3 Bxf3 15.Bxf3 Qc7
16.exd6 exd6 17.Ne4 Nb6 18.Be2 Nd7 19.Nxd6 Nxd6 20.Qg3 Ne5 21.Bxe5 Bxe5 22.Qxe5 Rbe8
23.Qg3 Qb6 24.a5 Qc7 25.Kf1 b6 26.axb6 Qxb6 27.Bd3 Qb3 28.Qxd6 Qxd3+ 29.Kg1 Rb8
30.Rac1 Rfc8 31.Qxa6 Qd2 32.b3 Ra8 33.Qf6 Re8 34.Rxe8+ Rxe8 35.Ra1  1-0

[Event "Alcobendas op"]
[Site "Alcobendas"]
[Date "1994.??.??"]
[Round "9"]
[White "Nogueiras, Jesus"]
[Black "Armas, Jorge"]
[Result "1/2-1/2"]
[WhiteElo "2530"]
[BlackElo "2465"]

1.Nf3 Nf6 2.c4 e6 3.Nc3 c5 4.g3 b6 5.Bg2 Bb7 6.O-O Be7 7.b3 O-O 8.Bb2 d6
9.e3 Qc7 10.d4 cxd4 11.Nxd4 Bxg2 12.Kxg2 Qb7+ 13.Qf3 Qxf3+ 14.Kxf3 Rc8 15.Rfd1 a6
16.a4 Nc6 17.Nxc6 Rxc6 18.Rac1 Kf8 19.Rb1 Rb8 20.Ne2 Nd7 21.Nd4 Rc7 22.Ba3 Ke8
23.Ke2 Nc5 24.f3 Rd8 25.e4 g6 26.Nc2 f5 27.exf5 gxf5 28.Ne3 Kf7 29.Bc1 Nd7
30.Bd2 Rb7 31.Bb4 Nc5 32.Be1 Nd7 33.Nc2 Rc8 34.Nd4 Ne5 35.Bf2 Nd7 36.f4 Nc5
37.Be3 Ne4 38.Rdc1 Bf6 39.Kd3 Nc5+ 40.Ke2 Ne4 41.Kf3 Nc5 42.Rd1 Be7 43.g4 fxg4+
44.Kxg4 h5+ 45.Kf3 Rg8 46.Nc6 Ke8 47.a5 bxa5 48.Nxa5 Rb4 49.Bd2 Rb8 50.b4  1/2-1/2

[Event "Alushta1"]
[Site "Alushta"]
[Date "1994.??.??"]
[Round "3"]
[White "Tosic, Miroslav"]
[Black "Gipslis, Aivars"]
[Result "1/2-1/2"]
[WhiteElo "2445"]
[BlackElo "2480"]

1.Nf3 Nf6 2.c4 c5 3.Nc3 e6 4.g3 b6 5.Bg2 Bb7 6.O-O Be7 7.b3 O-O 8.Bb2 d5
9.e3 dxc4 10.bxc4 Nc6 11.Qe2 Qc7 12.Rfd1 Rfd8 13.d3 a6 14.Rab1 Rab8 15.Ba1 Na7
16.a4 Nc6 17.Ne1 Nb4 18.f4 Bxg2 19.Qxg2  1/2-1/2

[Event "Andorra op"]
[Site "Andorra"]
[Date "1994.??.??"]
[Round "2"]
[White "Fontaine, Robert"]
[Black "Ninov, Kiril"]
[Result "1/2-1/2"]
[WhiteElo "2150"]
[BlackElo "2415"]

1.c4 c5 2.Nf3 Nf6 3.Nc3 g6 4.e4 Bg7 5.d4 cxd4 6.Nxd4 Nc6 7.Be3 O-O 8.Be2 b6
9.O-O Bb7 10.f3 Rc8 11.Rc1 Ne8 12.Qd2 Nc7 13.Rfd1 d6 14.Ncb5 Nxd4 15.Nxd4 Qd7
16.b3 Rfd8 17.Bf1 Ne6 18.Nxe6 Qxe6 19.Bd4 Be5 20.Bxe5 Qxe5 21.Qd4 Qc5 22.Qxc5 dxc5
23.Kf2 Kg7 24.Be2 Kf6 25.Rxd8 Rxd8 26.Rd1 Rxd1 27.Bxd1 g5 28.Ke3 Ke5 29.g3 h6
30.Be2 Bc6 31.f4+ gxf4+ 32.gxf4+ Kf6 33.Bh5 e5 34.f5 a5 35.a4 Be8 36.h4  1/2-1/2

[Event "Andorra op"]
[Site "Andorra"]
[Date "1994.??.??"]
[Round "5"]
[White "Cuadras, Jorge"]
[Black "Kirov, Nino"]
[Result "1/2-1/2"]
[WhiteElo "2280"]
[BlackElo "2465"]

1.c4 Nf6 2.Nc3 c5 3.Nf3 g6 4.e4 Bg7 5.d4 cxd4 6.Nxd4 O-O 7.Be2 Nc6 8.Be3 d6
9.O-O Bd7 10.Qd2 Nxd4 11.Bxd4 Bc6 12.f3 Nd7 13.Be3 a5 14.Rac1 a4 15.Rfd1 Nc5
16.Nd5 Bxd5 17.exd5 Qa5 18.Rc2 Qxd2 19.Rdxd2 Ra6 20.Kf2 Rfa8 21.Bd4 Bxd4+
22.Rxd4 Rb6 23.Rdd2 f5 24.Ke3 Kf7 25.Rd1 Na6 26.Rcd2 Nb4 27.Ra1 Na6 28.Kd4 Rc8
29.Rc1 Rb4 30.Rc3 Nc5 31.Rdc2 Ra8 32.Ra3 Ra6  1/2-1/2

[Event "Antwerp op"]
[Site "Antwerp"]
[Date "1994.??.??"]
[Round "4"]
[White "Ragozin, Evgeni"]
[Black "Van Beers, Eddy"]
[Result "1-0"]
[WhiteElo "2510"]
[BlackElo "2170"]

1.c4 Nf6 2.Nc3 c5 3.Nf3 d5 4.cxd5 Nxd5 5.e4 Nb4 6.Bb5+ N8c6 7.d4 cxd4 8.a3 dxc3
9.Qxd8+ Kxd8 10.axb4 cxb2 11.Bxb2 f6 12.Bxc6 bxc6 13.e5 Rb8 14.O-O Rxb4 15.Rxa7 Rxb2
16.Rd1+ Ke8 17.Ra8 Kf7 18.Rxc8 e6 19.g3 Rb7 20.Rdd8 c5 21.Nd2 fxe5 22.Ne4 h6
23.Kg2 Rg8 24.h4 g6 25.g4 g5 26.h5 c4 27.Kh2 Ra7 28.Kg1 Ra1+ 29.Kg2 Ra7 30.Kf1 Ke7
31.Ke2 Rd7 32.Rxd7+ Kxd7 33.Ra8 Rh8 34.Kd1 Kc6 35.Kc2 Bg7 36.Ra7 Rg8 37.Kc3 Kd5
38.f3 Kc6 39.Kxc4 Kb6 40.Re7 Rc8+ 41.Kd3 Rc7 42.Rxe6+ Rc6 43.Rg6 Bf8 44.Nf6 Kc7
45.Ke4 Kd8 46.Kxe5 Rc3 47.Rg8 Re3+ 48.Kf5 Rxf3+ 49.Ke6  1-0

[Event "AUT-chT2W 9495"]
[Site "Austria"]
[Date "1994.??.??"]
[Round "?.6"]
[White "Lochner, Herbert"]
[Black "Tanner, Walter"]
[Result "0-1"]
[WhiteElo "1850"]
[BlackElo "1815"]

1.Nf3 Nf6 2.c4 c5 3.Nc3 b6 4.e4 d6 5.d4 e6 6.g3 Bb7 7.Qe2 cxd4 8.Nxd4 Nc6
9.Nxc6 Bxc6 10.Bg2 Be7 11.O-O O-O 12.b3 a6 13.Bf4 e5 14.Be3 Nd7 15.Qg4 Nf6
16.Qd1 Qc7 17.Rc1 Qb7 18.Nd5 Nxd5 19.cxd5 Bd7 20.g4 Rac8 21.Qe2 Bb5 22.Qd2 Bxf1
23.Bxf1 Rxc1 24.Qxc1 Rc8 25.Qd2 b5 26.Bd3 Qc7 27.Kf1 Qd7 28.h3 Qb7 29.Qb4 Qc7
30.Qd2 Bd8 31.Ke2 Qd7 32.Qb4 a5 33.Qd2 b4 34.Bc4 h5 35.f3 Qe7 36.Qe1 hxg4
37.hxg4 Qb7 38.Kf1 Bb6 39.Bxb6 Qxb6 40.Qf2 Qxf2+ 41.Kxf2 a4 42.Ke3 Rxc4 43.bxc4 b3
44.axb3 a3  0-1

[Event "AUT-ch"]
[Site "Austria"]
[Date "1994.??.??"]
[Round "7"]
[White "Pilz, Dieter"]
[Black "Eisterer, Heinrich"]
[Result "1/2-1/2"]
[WhiteElo "2230"]
[BlackElo "2350"]

1.Nf3 Nf6 2.c4 c5 3.Nc3 g6 4.g3 b6 5.Bg2 Bb7 6.O-O Bg7 7.d3 O-O 8.Rb1 Qc8
9.a3 d5 10.cxd5 Nxd5 11.Bd2 Na6 12.Qa4 Nac7 13.Rfc1 Ne6 14.b4 Qd8 15.Ne4 cxb4
16.axb4 a6 17.Qb3 Rc8 18.Neg5 Nec7 19.e4 h6 20.Nh3 Nf6 21.Nf4 e6 22.Be3 Nd7
23.Rc4 Kh7 24.Rbc1 e5 25.Nd5 Ne6 26.h4  1/2-1/2

[Event "AUT-chT"]
[Site "?"]
[Date "1994.??.??"]
[Round "?"]
[White "Schroll, Gerhard"]
[Black "Bischoff, Klaus"]
[Result "0-1"]
[WhiteElo "2385"]
[BlackElo "2515"]

1.c4 Nf6 2.Nc3 c5 3.Nf3 e6 4.d4 cxd4 5.Nxd4 a6 6.g3 Qc7 7.Qd3 b6 8.Bg2 Bb7
9.O-O Bxg2 10.Kxg2 Nc6 11.b3 Nxd4 12.Qxd4 Qc6+ 13.f3 Be7 14.Bb2 O-O 15.Rac1 Rfd8
16.Rfd1 Qb7 17.e4 d6 18.a4 Nd7 19.Rc2 Bf8 20.Qe3 Rac8 21.Ba3 Nc5 22.Ne2 Re8
23.Rcd2 b5 24.Bxc5 Rxc5 25.cxb5 axb5 26.Rc1 Rxc1 27.Nxc1 bxa4 28.bxa4 Qc6
29.Ra2 d5 30.Nd3 Qc4 31.Qe2 dxe4 32.fxe4 Ra8 33.a5 Qb5 34.Nf4 Rxa5 35.Qxb5 Rxb5
36.Nd3 g6 37.Kf3 Bc5 38.Ke2 Bd4 39.Kf3 Rb3 40.Ke2 h5 41.Ra4 e5 42.Ra5 f6
43.h3 Kg7 44.Ra6 Rb1 45.Kf3 Rb3 46.Ke2 g5 47.g4 h4 48.Rc6 Ra3 49.Rc2 Kf7
50.Kd2 Ke7 51.Rc6 Ra2+ 52.Rc2 Ra4 53.Ke2 Kd6 54.Ne1 Bc5 55.Rd2+ Ke6 56.Kf3 Bb4
57.Nd3 Ra3 58.Rd1 Ba5 59.Ke3 Bb6+ 60.Ke2 Ra4 61.Kf3 Ra2 62.Rc1 Bd4  0-1

[Event "AUT-chT"]
[Site "?"]
[Date "1994.??.??"]
[Round "?"]
[White "Loebler, Heimo"]
[Black "Peterwagner, Heinz"]
[Result "1-0"]
[WhiteElo "2290"]
[BlackElo "2215"]

1.Nf3 c5 2.c4 Nf6 3.Nc3 g6 4.d4 cxd4 5.Nxd4 Bg7 6.e4 d6 7.Be2 Bd7 8.Be3 Nc6
9.O-O O-O 10.f3 a6 11.Qd2 Rc8 12.Nxc6 Bxc6 13.b4 Bd7 14.Rac1 Be6 15.Nd5 Nd7
16.Rfd1 Kh8 17.Nf4 Ne5 18.Nxe6 fxe6 19.f4 Nc6 20.Bg4 e5 21.Bxc8 Qxc8 22.Rf1 Qg4
23.h3 Qh4 24.b5 Nd4 25.fxe5 Rxf1+ 26.Rxf1 dxe5 27.bxa6 bxa6 28.Bxd4 exd4
29.Qf4 Qxf4 30.Rxf4 d3 31.Rf3 d2 32.Rd3 Bc3 33.Kf2 Kg7 34.Ke2 Bb4 35.a3 Ba5
36.c5 Kf6 37.c6 Ke6 38.Rd5  1-0

[Event "AUT-chT"]
[Site "?"]
[Date "1994.??.??"]
[Round "?"]
[White "Titz, Heimo"]
[Black "Liedl, Wolfgang"]
[Result "1-0"]
[WhiteElo "2290"]
[BlackElo "2215"]

1.c4 Nf6 2.Nf3 c5 3.Nc3 g6 4.e4 Bg7 5.d4 O-O 6.Be2 d6 7.O-O e6 8.d5 exd5
9.cxd5 Bg4 10.h3 Bxf3 11.Bxf3 a6 12.a4 Nbd7 13.a5 Rb8 14.Re1 Re8 15.Qc2 Qc7
16.Be2 c4 17.Ra4 b5 18.axb6 Nxb6 19.Rxa6 Nfd7 20.Be3 Nc5 21.Ra3 Bxc3 22.Qxc3 Nxe4
23.Qd4 f5 24.Rea1 Rb7 25.f3 Nc5 26.Bxc4 Nxc4 27.Qxc4 Rxb2 28.Bd4 Rb7 29.Kh2 Reb8
30.Ra8 Ne6 31.Qc6 Qxc6 32.dxc6 Rb4 33.R1a7 Rxa8 34.Rxa8+ Kf7 35.Ra7+ Ke8
36.Bf6 Rc4 37.Re7+ Kf8 38.Rxe6 Rxc6 39.Be7+ Kf7 40.Rxd6 Rc4 41.Bg5  1-0

[Event "AUT-chT2S 9394"]
[Site "AUT"]
[Date "1994.??.??"]
[Round "?"]
[White "Ladinig, M."]
[Black "Bodner, Alfred"]
[Result "1-0"]
[WhiteElo "2080"]
[BlackElo "2100"]

1.c4 Nf6 2.Nc3 e6 3.Nf3 c5 4.g3 Nc6 5.Bg2 Be7 6.O-O O-O 7.d4 cxd4 8.Nxd4 a6
9.Nc2 Qa5 10.Bd2 Qc7 11.Bf4 d6 12.Na4 Qa5 13.b3 Rd8 14.Be3 Nd7 15.Nd4 Qc7
16.Rc1 Nce5 17.h3 Nc5 18.Nb2 Ng6 19.b4 Nd7 20.Nb3 Rb8 21.Ba7 Ra8 22.Bd4 e5
23.Be3 Nb6 24.Na5 Rb8 25.Qc2 Be6 26.Nd3 Rdc8 27.c5 d5 28.Qb1 Na8 29.f4 exf4
30.Nxf4 Qd7 31.Rcd1 Nxf4 32.Bxf4 Nc7 33.e4 b6 34.Nb3 bxc5 35.exd5 Bf5 36.Qc1 c4
37.Na5 Bxb4 38.Nc6 Bc5+ 39.Kh2 Rb6 40.Qxc4 Bf8 41.Qd4 Rb5 42.Bxc7 Rxc7 43.Ne5 Qc8
44.d6 Rc2 45.Rxf5 Qxf5 46.d7 Rb8 47.Nc6 Qf3 48.Rd2 Rbb2 49.d8=Q Rxd2 50.Qxd2 Rxd2
51.Qxd2 Qa3 52.Qd5 Bd6 53.Ne5 Bxe5 54.Qxe5 Kf8 55.Qd5 Ke7 56.Qb7+ Kf6 57.Qf3+ Qxf3
58.Bxf3 Ke5 59.Kg2 f5 60.Kf2 Kd4 61.Bb7 a5 62.Kf3 g5 63.h4 h6 64.hxg5 hxg5
65.Bc6 Ke5 66.Ke3 Kd6 67.Bf3 Kc5 68.a4 Kc4 69.Bc6 Kb4 70.Bd7 Kb3 71.Kf3 f4
72.gxf4 gxf4 73.Kxf4 Kc4 74.Ke4 Kc5 75.Bb5 Kb6 76.Kd5 Kc7 77.Kc5 Kb7 78.Bf1 Kc7
79.Kb5  1-0

[Event "EUCup Gr4"]
[Site "Balatonbereny"]
[Date "1994.??.??"]
[Round "?"]
[White "Nikcevic, Nebojsa"]
[Black "Mohandesi, Shahin"]
[Result "1-0"]
[WhiteElo "2470"]
[BlackElo "2320"]

1.Nf3 Nf6 2.c4 c5 3.Nc3 d5 4.cxd5 Nxd5 5.e3 Nxc3 6.bxc3 g6 7.Bb5+ Bd7 8.Qb3 Qb6
9.c4 Bg7 10.Bxd7+ Nxd7 11.Rb1 Qxb3 12.Rxb3 b6 13.Ke2 O-O 14.a4 e5 15.d3 Rfe8
16.Nd2 a5 17.Bb2 f5 18.e4 Bf6 19.Nf1 f4 20.Nd2 Kf7 21.Nb1 Re6 22.Nc3 Rg8
23.Nd5 Bd8 24.h4 h6 25.g3 g5 26.hxg5 hxg5 27.Rh7+ Rg7 28.Rxg7+ Kxg7 29.gxf4 gxf4
30.Nxf4 Rh6 31.Nd5 Kf7 32.Ra3 Rh2 33.Ra1 Ke6 34.Rg1 Bh4 35.Rf1 Nf6 36.Nxf6 Kxf6
37.Bc1 Kf7 38.Be3 Be7 39.Rg1 Rh5 40.Kf3 Rh8 41.Bd2 Rh3+ 42.Ke2 Rh5 43.Bc3 Bd6
44.Rb1 Bc7 45.Bxa5 Rh8 46.Bxb6  1-0

[Event "Barcelona UGA"]
[Site "Barcelona"]
[Date "1994.??.??"]
[Round "5"]
[White "Vidarte Morales, Arturo"]
[Black "Rivera, Daniel"]
[Result "1/2-1/2"]
[WhiteElo "2420"]
[BlackElo "2375"]

1.c4 c5 2.Nf3 Nf6 3.Nc3 g6 4.d4 cxd4 5.Nxd4 Nc6 6.e4 Nxd4 7.Qxd4 d6 8.Bg5 Bg7
9.f3 O-O 10.Qd2 Be6 11.Be2 Qa5 12.Rc1 Rfc8 13.b3 a6 14.Na4 Qxd2+ 15.Kxd2 Nd7
16.h4 f6 17.Be3 f5 18.exf5 gxf5 19.h5 d5 20.cxd5 Bxd5 21.h6 Bf6 22.Bd3 e6
23.Rhe1 b5 24.Nb6 Nxb6 25.Bxb6 b4 26.Ke2 a5 27.Rxc8+ Rxc8 28.Rb1 Bc3 29.Be3 a4
30.Bd2 axb3 31.axb3 Kf7 32.g4 Bxd2 33.Kxd2 Kf6 34.gxf5 exf5 35.f4 Rc3 36.Ra1 Rc6
37.Ra5 Rd6 38.Ke3 Bxb3 39.Rxf5+ Ke7 40.Rb5 Re6+ 41.Re5 Rxe5+ 42.fxe5 Bg8
43.Kd4 b3 44.Bf5 Ke8 45.Kc3 Kf8 46.Kd4  1/2-1/2

[Event "Barcelona UGA"]
[Site "Barcelona"]
[Date "1994.??.??"]
[Round "10"]
[White "Moreno, Javier"]
[Black "Vidarte Morales, Arturo"]
[Result "1-0"]
[WhiteElo "2220"]
[BlackElo "2420"]

1.Nf3 Nf6 2.c4 c5 3.Nc3 e6 4.g3 b6 5.Bg2 Bb7 6.O-O a6 7.Re1 d6 8.e4 Nbd7
9.d4 cxd4 10.Nxd4 Qc7 11.Be3 Be7 12.Rc1 O-O 13.f4 Rfe8 14.g4 Nc5 15.Bf2 g6
16.b4 Ncd7 17.Nd5 exd5 18.cxd5 Qd8 19.Nc6 Bxc6 20.dxc6 Nf8 21.c7 Qc8 22.e5 dxe5
23.Bxa8 Qxa8 24.Rxe5 Ne6 25.Be3 Qc8 26.f5 Nd7 27.Rd5 Nef8 28.Bh6 Nf6 29.Rd4 gxf5
30.gxf5 Qxf5 31.Bf4 Qc8 32.Bd6 Bxd6 33.Rxd6 N8d7 34.Qd4 Re4 35.Rxd7 Rxd4
36.Rxd4 Kg7 37.Rc3 Kh6 38.h3 Qg8+ 39.Rg4 Qc8 40.Rd4 Qg8+ 41.Kh2 Qg5 42.c8=Q Qe5+
43.Rg3  1-0

[Event "JUG-chT Cup"]
[Site "Becici"]
[Date "1994.??.??"]
[Round "?"]
[White "Mikhalchishin, Adrian"]
[Black "Nestorovic, Dejan"]
[Result "1-0"]
[WhiteElo "2530"]
[BlackElo "2365"]

1.Nf3 c5 2.c4 Nf6 3.Nc3 g6 4.d4 cxd4 5.Nxd4 Bg7 6.g3 O-O 7.Bg2 Nc6 8.O-O Nxd4
9.Qxd4 d6 10.Qd3 Be6 11.Bd2 Rb8 12.Rac1 Qd7 13.Rfd1 Rfc8 14.b3 a6 15.a4 Qd8
16.Be3 Nd7 17.Ba7 Ra8 18.Bd4 Bxd4 19.Qxd4 Nc5 20.Rb1 a5 21.Bd5 Qf8 22.Qe3 Rab8
23.b4 axb4 24.Rxb4 Bxd5 25.Nxd5 Re8 26.a5 Rbc8 27.Rdb1 Rc6 28.h4 Qg7 29.Rb5 Kf8
30.Kg2 Kg8 31.Nb4 Rcc8 32.Nd3 Qf6 33.Nxc5 Rxc5 34.Rxc5 dxc5 35.Rxb7 Qc6+
36.Qf3 Qa4 37.Qe4 Qxa5 38.Rxe7 Rxe7 39.Qxe7 h5 40.e4 Qb4 41.Qe5 Kf8 42.Qd5 Ke7
43.e5 Qb6 44.Kf3 Qc7 45.Kf4 Qb6 46.Kg5 Ke8 47.Kh6  1-0

[Event "JUG-chT Cup"]
[Site "Becici"]
[Date "1994.??.??"]
[Round "?"]
[White "Lekic, Dusan"]
[Black "Pikula, Dejan"]
[Result "1/2-1/2"]
[WhiteElo "2320"]
[BlackElo "2360"]

1.c4 Nf6 2.Nf3 c5 3.Nc3 b6 4.g3 Bb7 5.Bg2 e6 6.O-O d6 7.b3 Be7 8.Bb2 O-O
9.e3 Nbd7 10.d4 cxd4 11.exd4 a6 12.d5 e5 13.Nh4 g6 14.f4 exf4 15.gxf4 b5
16.cxb5 axb5 17.Qd4 Qb6 18.Qxb6 Nxb6 19.Rfe1 Bd8 20.Nxb5 Nfxd5 21.Bxd5 Nxd5
22.Ng2 Nb4 23.Re2 Ba6 24.a4 Bb6+ 25.Kf1 Bc5 26.Rd1 Rfe8 27.Bd4 Nc6 28.Rxe8+ Rxe8
29.Bxc5 dxc5 30.Rd6 Bxb5+ 31.axb5 Na5 32.Kf2 Nxb3 33.Ne3 Kg7 34.b6 Re4 35.f5 g5
36.Rc6 Rf4+ 37.Kg2 Rd4 38.Rc7 Rb4 39.Nd5 Rb5 40.Nc3 Rxb6 41.Ne4 h6 42.h4 Rb4
43.Nd6 Rg4+ 44.Kf3 Rf4+ 45.Ke3 Kf6 46.hxg5+ hxg5 47.Ne4+ Kg7 48.Nd6 Kf6 49.Ne4+ Ke5
50.Re7+ Kd5 51.Rd7+ Ke5 52.Re7+ Kxf5 53.Rxf7+ Ke5 54.Nxg5 Rg4 55.Nf3+ Ke6
56.Rb7 Na5 57.Ra7 Nc4+ 58.Kd3 Nd6 59.Nd2 Rg3+ 60.Kc2 Rg2 61.Ra4 Kd5 62.Rh4 c4
63.Rh5+ Kd4 64.Rh4+ Kc5 65.Rh5+ Kb4 66.Rh4 Kb5 67.Rh5+ Kb6 68.Kc3 Rg3+ 69.Kc2 c3
70.Rh6  1/2-1/2

[Event "Belgrade (Women)"]
[Site "Belgrade"]
[Date "1994.??.??"]
[Round "4"]
[White "Maric, Alisa"]
[Black "Madl, Ildiko"]
[Result "1/2-1/2"]
[WhiteElo "2415"]
[BlackElo "2420"]

1.Nf3 c5 2.c4 Nf6 3.Nc3 g6 4.d4 Bg7 5.g3 cxd4 6.Nxd4 Nc6 7.Bg2 O-O 8.O-O a6
9.c5 Ng4 10.Nb3 Nge5 11.Na4 Rb8 12.Nb6 d6 13.Nxc8 Qxc8 14.cxd6 Rd8 15.Bf4 Rxd6
16.Qc2 Qc7 17.Rac1 Rbd8 18.Qe4 Qd7 19.Bxe5 Nxe5 20.Nc5 Qb5 21.Nxb7 Rd4 22.Qe3 Rb8
23.Rc5 Qxb2 24.Rxe5 Bxe5 25.Qxe5 Rc8 26.Qxe7 Qxa2 27.Nd6 Rf8 28.Qe5 Rd2 29.Ne4 Qb2
30.Qa5 Rxe2 31.Qxa6 Rd8 32.h4 Rc2 33.Qa5 Qd4 34.Qg5 Kg7 35.h5 h6 36.Qg4 Qe5
37.Qf4 Qxf4 38.gxf4 gxh5 39.Ng3 h4 40.Nf5+ Kf6 41.Nxh4 Rd4 42.Nf3 Rxf4 43.Rd1 Rb4
44.Rd6+ Ke7 45.Rxh6 Rbb2 46.Rh8 Rxf2 47.Rg8 Kf6 48.Nh2 Rfd2 49.Nf1 Rd1 50.Rg3 Ke5
51.Re3+ Kf5 52.Rf3+ Kg6 53.Rg3+ Kf5  1/2-1/2

[Event "Belgrade"]
[Site "Belgrade"]
[Date "1994.??.??"]
[Round "6"]
[White "Greenfeld, Alon"]
[Black "Shipov, Sergei"]
[Result "1-0"]
[WhiteElo "2600"]
[BlackElo "2525"]

1.Nf3 Nf6 2.c4 c5 3.Nc3 e6 4.g3 b6 5.Bg2 Bb7 6.O-O Be7 7.Re1 d6 8.e4 a6 9.d4 cxd4
10.Nxd4 Qc7 11.Be3 Nbd7 12.f4 Rc8 13.Rc1 Qb8 14.b3 O-O 15.g4 Qa8 16.Bf2 g6
17.g5 Nh5 18.Qg4 Ng7 19.Nd5 Bd8 20.Rc3 b5 21.Rh3 exd5 22.Qxd7 dxe4 23.cxb5 e3
24.Qxb7 exf2+ 25.Kxf2 Qxb7 26.Bxb7 Bb6 27.Rd3 Rc3 28.Rxc3 Bxd4+ 29.Rce3 Nf5
30.Kf3 Bxe3 31.Rxe3 axb5 32.Rc3 Re8 33.Rc8 Nd4+ 34.Kf2 Rxc8 35.Bxc8 b4 36.Ke3 Nb5
37.Kd3 d5 38.Bd7 Na3 39.Bc6 Nb1 40.Kd4 Kf8 41.Bxd5 Nc3 42.a4  1-0

[Event "Belgrade Trako"]
[Site "Belgrade"]
[Date "1994.??.??"]
[Round "6"]
[White "Arsovic, Zoran"]
[Black "Nestorovic, Dejan"]
[Result "1-0"]
[WhiteElo "2325"]
[BlackElo "2365"]

1.Nf3 c5 2.c4 Nf6 3.Nc3 g6 4.g3 b6 5.Bg2 Bb7 6.d4 cxd4 7.Qxd4 Bg7 8.O-O d6
9.Be3 Nbd7 10.Rac1 Rc8 11.b3 h6 12.h3 O-O 13.Qd2 Kh7 14.Ng5+ hxg5 15.Bxb7 Rb8
16.Bf3 g4 17.hxg4 Ne5 18.g5 Nxf3+ 19.exf3 Nd7 20.Bd4 f6 21.gxf6 Bxf6 22.Kg2 Bxd4
23.Qxd4 Nf6 24.Rh1+ Kg7 25.Ne4 e5 26.Qd2 Nxe4 27.Qh6+ Kf6 28.fxe4 Rh8 29.Qxh8+ Qxh8
30.Rxh8 Rxh8 31.Rh1 Rc8 32.Rh7 a6 33.Rb7 Rc6 34.a4 Kg5 35.Kh3 Kh5 36.Rb8 Kg5
37.f3 Kh5 38.f4  1-0

[Event "Belgrade Trako"]
[Site "Belgrade"]
[Date "1994.??.??"]
[Round "10"]
[White "Sahovic, Dragutin"]
[Black "Ostojic, Nikola"]
[Result "1/2-1/2"]
[WhiteElo "2435"]
[BlackElo "2450"]

1.c4 Nf6 2.Nc3 c5 3.Nf3 b6 4.g3 Bb7 5.Bg2 e6 6.O-O Be7 7.d4 cxd4 8.Qxd4 Nc6
9.Qf4 Qb8 10.Rd1 a6 11.Be3 Bd8 12.Na4 Qxf4 13.gxf4 Na5 14.Rac1 b5 15.cxb5 axb5
16.Nc3 Bc6 17.Ne5 Bxg2 18.Kxg2 Rb8 19.b4 Nc6 20.Nxc6 dxc6 21.Rd6 Nd5 22.Rxc6 Nxb4
23.Rc5 Be7 24.Rxb5 Rxb5 25.Nxb5 Nxa2 26.Ra1 Nb4 27.Ra8+ Bd8 28.Bc5 Nc6 29.Nd6+ Ke7
30.e4 f6 31.Kf3 Kd7 32.f5 exf5 33.Nxf5 g6 34.Nd4 Nxd4+ 35.Bxd4 h5 36.Ke3 Re8
37.f4 Be7 38.Ra6 Rf8 39.f5 gxf5 40.exf5 Rg8 41.Ke4 Rg2 42.Kd5 Rd2 43.h4 Rd1
44.Ra7+ Ke8 45.Ra8+ Kf7 46.Ra7 Ke8 47.Rb7 Kf8 48.Rb8+ Kf7 49.Rh8 Kg7 50.Rxh5 Rxd4+
51.Kxd4  1/2-1/2

[Event "Belgrade Trako"]
[Site "Belgrade"]
[Date "1994.??.??"]
[Round "11"]
[White "Ostojic, Nikola"]
[Black "Arsovic, Zoran"]
[Result "1/2-1/2"]
[WhiteElo "2450"]
[BlackElo "2325"]

1.Nf3 c5 2.c4 Nf6 3.Nc3 e6 4.d4 cxd4 5.Nxd4 a6 6.g3 Qc7 7.Bg2 Qxc4 8.Bf4 Nh5
9.Be3 Qc7 10.Rc1 Qd8 11.O-O d5 12.Qa4+ Bd7 13.Qb3 Nc6 14.Nxc6 Bxc6 15.Rfd1 Nf6
16.Bb6 Qb8 17.e4 d4 18.Bxd4 e5 19.Bb6 Bd6 20.Nd5 Bxd5 21.exd5 O-O 22.Bh3 Qe8
23.Bc5 Ne4 24.Be3 Qe7 25.Rc4 Nf6 26.Bg5 Rab8 27.Qf3 h6 28.Bxf6 Qxf6 29.Qxf6 gxf6
30.Kg2 Kg7 31.Kf3 Rg8 32.Rdc1 Kf8 33.Bf5 Ke7 34.Ke4 Ra8 35.b3 a5 36.h4 Rgb8
37.Bh3 b5 38.Rc6 a4 39.Kf5 axb3 40.axb3 Ra3 41.R1c3 b4 42.Rf3 Ra1 43.Kg4 Rh1
44.Bg2 Rg8+ 45.Kf5 Rg1 46.Bh3 Rd1 47.Rc4 Ra8 48.Kg4 Rxd5 49.Kh5 Rda5 50.Bf5 Ra2
51.Rc2 Rxc2 52.Bxc2 Rh8 53.Bf5 Bc5 54.Rd3 Bxf2 55.Rd7+ Kf8 56.Rd8+ Kg7 57.Rxh8 Kxh8
58.Kg4 h5+ 59.Kxh5 Bxg3 60.Kg4 Be1 61.Be4 Kg7 62.h5  1/2-1/2

[Event "Berga op"]
[Site "Berga"]
[Date "1994.??.??"]
[Round "8"]
[White "Pogorelov, Ruslan"]
[Black "Ionescu, Constantin"]
[Result "0-1"]
[WhiteElo "2415"]
[BlackElo "2440"]

1.Nf3 c5 2.c4 Nf6 3.Nc3 e6 4.g3 b6 5.Bg2 Bb7 6.O-O a6 7.d4 cxd4 8.Qxd4 d6
9.Be3 Nbd7 10.Ng5 Bxg2 11.Kxg2 Rc8 12.Nge4 Rc6 13.Nxf6+ Nxf6 14.Ne4 Be7 15.b4 d5
16.cxd5 Qxd5 17.Qxd5 Nxd5 18.Rac1 Nxe3+ 19.fxe3 Rxc1 20.Rxc1 Kd7 21.a3 f5
22.Nf2 Rc8 23.Rd1+ Kc6 24.Rc1+ Kb7 25.Rd1 Rd8 26.Nd3 e5 27.Rc1 e4 28.Nf4 Bf6
29.Kf2 Bb2 30.Rb1 Rd2 31.Ke1 Bc3 32.Rb3 Rd3+ 33.Kf1 Rd1+ 34.Kf2 Be5 35.Ne6 Kc6
36.b5+ axb5 37.Nd4+ Bxd4 38.exd4 Rxd4 39.Ke3 Rc4 40.Kf4 g6 41.Rb2 Rc3 42.Ra2 Kc5
43.Kg5 Kc4 44.Kh6 Kb3 45.Rd2 Rc7 46.Rd5 b4 47.axb4 Kxb4 48.h3 Kc4 49.Re5 Kd4
50.Rb5 Rb7 51.g4 f4  0-1

[Event "Berliner Sommer"]
[Site "Berlin"]
[Date "1994.??.??"]
[Round "?"]
[White "Lagunow, Alexander"]
[Black "Loeffler, Stefan"]
[Result "1/2-1/2"]
[WhiteElo "2405"]
[BlackElo "2420"]

1.c4 c5 2.Nf3 Nf6 3.Nc3 g6 4.g3 Bg7 5.Bg2 Nc6 6.d4 cxd4 7.Nxd4 O-O 8.O-O Nxd4
9.Qxd4 d6 10.Qd3 Qa5 11.h3 Be6 12.Bd2 Qa6 13.b3 Rad8 14.e4 d5 15.exd5 Bxd5
16.Bxd5 e6 17.Bxb7 Qxb7 18.Qe2 Nd7 19.Rad1 Ne5 20.Qe4 Qxe4 21.Nxe4 Rd4 22.Bb4 Rxe4
23.Bxf8 Bxf8 24.Kh2 Bb4 25.Rd8+ Kg7 26.Rc1 Re2 27.c5 Rxa2 28.c6 Nxc6 29.Rxc6 Be1
30.Rd7 Rxf2+ 31.Kg1 Rf6 32.g4 g5 33.Rc1 Bf2+ 34.Kg2 Bb6 35.Rf1 Rxf1 36.Kxf1 Kg6
37.Kg2 Bc5 38.Kf3 Kf6 39.Ke4 Bb6 40.Kd3  1/2-1/2

[Event "Bern op"]
[Site "Bern"]
[Date "1994.??.??"]
[Round "9"]
[White "Maksimenko, Andrei"]
[Black "Mikhalchishin, Adrian"]
[Result "1/2-1/2"]
[WhiteElo "2430"]
[BlackElo "2530"]

1.Nf3 Nf6 2.c4 c5 3.Nc3 d5 4.cxd5 Nxd5 5.d4 Nxc3 6.bxc3 g6 7.e4 Bg7 8.Be3 O-O
9.Rc1 e6 10.d5 exd5 11.exd5 Qa5 12.Qd2 Bg4 13.Be2 Nd7 14.O-O Nf6 15.h3 Ne4
16.Qc2 Bxf3 17.Bxf3 Nd6 18.Bf4 Rad8 19.Rfe1 Bf6 20.c4 Rfe8 21.Rxe8+  1/2-1/2

[Event "Biel op"]
[Site "Biel"]
[Date "1994.??.??"]
[Round "6"]
[White "Neamtu, Serban"]
[Black "Gipslis, Aivars"]
[Result "1/2-1/2"]
[WhiteElo "2335"]
[BlackElo "2485"]

1.Nf3 Nf6 2.c4 c5 3.Nc3 e6 4.g3 b6 5.Bg2 Bb7 6.O-O Be7 7.d4 cxd4 8.Qxd4 Nc6
9.Qf4 O-O 10.Rd1 Qb8 11.e4 Rd8 12.e5 Ne8 13.b3 d6 14.exd6 Bxd6 15.Qh4 Ne7
16.Ng5 h6 17.Nge4 Nf5 18.Qg4 Be5 19.Bb2 a6 20.Rxd8 Qxd8 21.Rd1 Qc7 22.Na4 Bxb2
23.Nxb2 Rd8 24.Rxd8 Qxd8 25.Qd1 Nd4 26.Nf6+ Nxf6 27.Bxb7 a5 28.Na4 Qd6 29.Kf1 Nd7
30.Bd5 Qe5 31.Bg2 g5 32.Qe1 Qd6 33.Qd2 Kf8 34.h4 Qe5 35.hxg5 hxg5 36.Qe3 Qxe3
37.fxe3 Nc2 38.Ke2 Ke7 39.Bc6 Nc5 40.Nxb6 Nb4 41.Na4 Kd6 42.Nxc5 Kxc5 43.Be8 Nxa2
44.Bxf7 Nc1+ 45.Kd2 Nxb3+ 46.Kc3 a4 47.Bxe6 Na5 48.e4 a3 49.e5 Nc6 50.Bg8 Nxe5
51.Kb3 Nxc4 52.Be6 Kd4 53.g4 Ne3 54.Kxa3 Ke5 55.Bc8 Kf4 56.Kb3 Nxg4 57.Kc3 Ne3
58.Kd3 Nf5 59.Ke2 g4 60.Bxf5 Kxf5  1/2-1/2

[Event "Biel op"]
[Site "Biel"]
[Date "1994.??.??"]
[Round "6"]
[White "Razuvaev, Yuri S"]
[Black "Topakian, Raffi"]
[Result "1-0"]
[WhiteElo "2550"]
[BlackElo "2305"]

1.c4 Nf6 2.Nc3 c5 3.Nf3 d5 4.cxd5 Nxd5 5.e3 Nxc3 6.bxc3 g6 7.d4 Bg7 8.Bd3 O-O
9.O-O Qc7 10.Qe2 Rd8 11.Rd1 b6 12.Ba3 Bb7 13.Rac1 Nc6 14.Nd2 Qd7 15.Nb3 cxd4
16.cxd4 e6 17.Bc4 a5 18.Bb5 a4 19.Nd2 Qd5 20.Nf3 Na5 21.h3 Rdc8 22.Bxa4 Nc4
23.Bb3 Rxa3 24.Rxc4 Rxc4 25.Bxc4 Qe4 26.Bb3 Bf8 27.Rc1 Bd6 28.Qb5 Ra5 29.Qxb6 Ra6
30.Qd8+ Kg7 31.Qh4 Rc6 32.Rd1 Qf5 33.e4 Qa5 34.e5 Bc7 35.Qf6+ Kg8 36.Ng5  1-0

[Event "Biel"]
[Site "Biel"]
[Date "1994.??.??"]
[Round "7"]
[White "Pelletier, Yannick"]
[Black "Wahls, Matthias"]
[Result "1/2-1/2"]
[WhiteElo "2350"]
[BlackElo "2540"]

1.Nf3 Nf6 2.c4 c5 3.Nc3 e6 4.g3 b6 5.Bg2 Bb7 6.O-O d6 7.d4 cxd4 8.Qxd4 a6
9.b3 Nbd7 10.Rd1 Be7 11.e4 Qc8 12.Bb2 O-O 13.Nd2 Qc7 14.Rac1 Rad8 15.h3 Qb8
16.a3 Rfe8 17.b4 Bf8 18.Kh2 g6 19.Qe3 d5 20.Ne2 dxc4 21.Nxc4 b5 22.Na5 Bg7
23.Bd4 Rc8 24.Kg1 h5 25.Nc3 e5 26.Ba7 Qa8 27.Nxb7 Qxb7 28.Nd5 Kh7 29.Nxf6+ Bxf6
30.Rxc8 Rxc8 31.h4 Rc7 32.Bh3 Bg7 33.Rxd7 Rxd7 34.Bxd7 Qxd7 35.Qb6 Qc8 36.Qc5 Qb7
37.Qb6 Qxb6 38.Bxb6 f5 39.f3 Bh6 40.Bc7 Be3+ 41.Kf1 fxe4 42.fxe4 Bd4 43.Ke2 Kg7
44.Kd3 Kf7 45.Bd8 Bf2 46.Bg5 Bxg3 47.Ke2 Ke6 48.Kf1 Bf4 49.Kg2 Kd6 50.Kf3 Bh2
51.Kg2 Bf4  1/2-1/2